Chinandega. El manejo de una reserva natural en un mundo de agricultores /

Este documento constituye uno de las investigaciones realizadas en Nicaragua por parte de diferentes Instituciones preocupadas por el medio ambiente, las cuales tienen por objetivo principal evidenciar el papel que realiza el gobierno local de Chinandega en la gestión de los recursos naturales de la...

Celý popis

Uloženo v:
Podrobná bibliografie
Hlavní autor: Barahona Najlis, Tupác Amaru
Korporace: NITLAPAN-UCA. Instituto de Investigación y Desarrollo de la Universidad Centroamericana, CIFOR Center for International Forestry Research PROTIERRA-INIFOM
Další autoři: Mendoza, René
Médium: Text
Vydáno: Managua: UCA
Témata:
Tagy: Přidat tag
Žádné tagy, Buďte první, kdo vytvoří štítek k tomuto záznamu!

MARC

LEADER 00000 a a2200000 04500
001 26565
003
040
090 |a 148900  
100 |a Barahona Najlis, Tupác Amaru  
110 |a NITLAPAN-UCA. Instituto de Investigación y Desarrollo de la Universidad Centroamericana  
245 |a Chinandega. El manejo de una reserva natural en un mundo de agricultores /  |c NITLAPAN-UCA. Instituto de Investigación y Desarrollo de la Universidad Centroamericana  
260 |a Managua:   |b UCA  
300 |a 95 p  
520 |a Este documento constituye uno de las investigaciones realizadas en Nicaragua por parte de diferentes Instituciones preocupadas por el medio ambiente, las cuales tienen por objetivo principal evidenciar el papel que realiza el gobierno local de Chinandega en la gestión de los recursos naturales de la región..Las principales consecuencias que afronta la región a nivel ambiental se relacionan con la eliminación de la cobertura forestal en las áreas de planicie y el incremento de la presión agropecuaria sobre las áreas boscosas de los volcanes, lugares de refugio de los campesinos que no poseen tierras provocando Este documento constituye uno de las investigaciones realizadas en Nicaragua por parte de diferentes Instituciones preocupadas por el medio ambiente, las cuales tienen por objetivo principal evidenciar el papel que realiza el gobierno local de Chinandega en la gestión de los recursos naturales de la región..Las principales consecuencias que afronta la región a nivel ambiental se relacionan con la eliminación de la cobertura forestal en las áreas de planicie y el incremento de la presión agropecuaria sobre las áreas boscosas de los volcanes, lugares de refugio de los campesinos que no poseen tierras provocando con esto conflictos entre ganaderos, cafetaleros, extractores de leña, cazadores, agricultores y otros siendo esto el desafío más grande que afronta el gobierno local./WMV  
650 |a DESARROLLO RURAL  
650 |a ESTUDIOS SOBRE EL MEDIO AMBIENTE  
650 |a INTERVENCION DEL ESTADO  
650 |a AYUDA ESTATAL  
650 |a GOBIERNO LOCAL  
650 |a FORESTACION SOCIAL  
650 |a AGRICULTURA  
650 |a TIERRA AGRICOLA  
650 |a CULTIVOS DE CAMPO  
650 |a RESERVAS NATURALES  
650 |a CONSERVACION DE SUELOS  
650 |a ANALISIS DE SUELOS  
650 |a CLASIFICACION  
650 |a ESTUDIOS SOBRE EL MEDIO AMBIENTE  
650 |a INTERVENCION DEL ESTADO  
650 |a AYUDA ESTATAL  
650 |a GOBIERNO LOCAL  
650 |a FORESTACION SOCIAL  
650 |a AGRICULTURA  
650 |a TIERRA AGRICOLA  
650 |a CULTIVOS DE CAMPO  
650 |a RESERVAS NATURALES  
650 |a INFORMACION SOCIAL  
650 |a INDICADORES SOCIALES  
650 |a DATOS ESTADISTICOS  
650 |a ESTADISTICAS A  
700 |a Mendoza, René  
710 |a CIFOR   |a Center for International Forestry Research   |a PROTIERRA-INIFOM  
999 |c 163  |d 163